| 000 | 00800nam a22002777a 4500 | ||
|---|---|---|---|
| 003 | OSt | ||
| 005 | 20241210122436.0 | ||
| 008 | 241210b |||||||| |||| 00| 0 eng d | ||
| 040 | _cSTCPL | ||
| 041 | _aENG | ||
| 082 |
_a820 _bPRI-E |
||
| 100 | _aPrincy Jacob | ||
| 110 | _aGuided by Dr Siby James | ||
| 111 | _aDept. of English, St Thomas College Palai, Mahatma Gandhi University, Kottyam | ||
| 245 |
_aEncountering ecophallogocentrism: Kate Soper and the reconstruction of ontology / _cby Princy Jacob |
||
| 260 |
_aPala: _cJuly 2023 |
||
| 300 |
_a245 p. _bHB |
||
| 650 | _aEnglish language and literature | ||
| 650 | _aPhilosophy | ||
| 650 | _aEcophallogocentrism | ||
| 650 | _aKate Soper | ||
| 650 | _aOntology | ||
| 942 | _cTHE | ||
| 942 | _2ddc | ||
| 942 |
_2ddc _n0 |
||
| 999 |
_c83945 _d83945 |
||